000 00791cab a2200241 4500
001 WB3423-22
008 090401t1998 xxu||||| |||| 00| 0 eng d
035 _a(Sirsi) u86892
041 _aeng
245 _aGreenhouse gas emissions deal
260 _c1998
350 _a0
490 _aGuardian
_v18 June 1998, 12(1)
520 _aGovernment is to carry out transport and energy reviews to meet its obligation to cut greenhouse gas emissions by 12.5%. Measures to include encouraging energy efficiency in homes, road tolls and reducing company car use.
650 _aCAR USE
650 _aCOMPANY CARS
650 _aENERGY EFFICIENCY
650 _aGOVERNMENT POLICY
650 _aGREENHOUSE GAS EMISSIONS
690 _aEnvironment
_96238
942 _n0
948 _c18/06/1998
999 _c54715
_d54715